000 02585nam a2200349 a 4500
003 CHAP
005 20250129124847.0
007 ta
008 250129t2018 sz abd|fr|||| 001 0 eng d
020 _a978-3-319-77784-9
040 _aZ
_cCHAP
_erda
041 0 _bInglés
_fInglés
082 0 0 _a595.799097265
_bQ49 2018
_220
100 1 _aQuezada-Euán, José Javier G.
_9189982
_eautor
245 1 0 _aStingless bees of Mexico :
_bthe biology, management and conservation of an ancient heritage /
_cJosé Javier G. Quezada-Euán
264 1 _aCham, Switzerland :
_bSpringer,
_c©2018
300 _ax, 294 páginas :
_bilustraciones, mapas, gráficas, tablas
336 _2rdacontent
_atexto
_btxt
337 _2rdamedia
_asin medio
_bn
338 _2rdacarrier
_avolumen
_bnc
500 _aej.1: C/E 2718
504 _aIncluye bibliografía
505 0 _aChapter 1. Taxonomy and diversity of the stingless bee -- Chapter 2. Nesting biology -- Chapter 3. Anatomy and physiology -- Chapter 4. Sex determination and caste production -- Chapter 5. Colony function and communication -- Chapter 6. Reproduction -- Chapter 7. Services provided by stingless bees -- Chapter 8. Managing and preserving stingless bees -- Chapter 9. The past, present, and future of meliponiculture in Mexico -- Annex 1: List of Abbreviations of the Genera of Stingless Bees Used in the Book and Recognized Species for Mexico -- Annex 2: Nectar- and Pollen-Producing Plants in the Yucatan Peninsula -- Annex 3: Record Sheet Template, Nest Dimensions, and Hive Sizes For Stingless Bees in the Yucatan Peninsula -- Index
520 _aThe stingless are the most diverse group of highly regions, where they thrie. in México, the management of stingless bees dates back centuries, and they were an essential part of the culture and cosmogony of native peoples like the maya. In recent decades a vast amonunt of information has been gathered on stingless bees worldwide. This book summarizes various aspects of the biology and management of stinglees bees, wiht special emphasis on the Mexican species and the traditions behind their cultivation. Much of the information presented here was produced by the author and the tems of researchers at the Universidad Autónoma de Yucatán in the curse of three decades of working with theses insects.
534 _pTítulo original:
650 1 3 _aAbejas
_9182
650 1 3 _aAbejas sin aguijón
_9189985
_zMéxico
650 1 3 _aAbejas sin aguijón
_9189985
_zYucatán
650 1 3 _aAbejas melíferas
_9143228
650 1 3 _aMeliponicultura
_9189986
942 _2ddc
_cLIBRO
999 _c220402
_d220402